书目信息 |
| 题名: |
短跑
|
|
| 作者: | 王保成 , 袁运平 编著 | |
| 分册: | ||
| 出版信息: | 北京 人民体育出版社 1997.02 |
|
| 页数: | 132页 | |
| 开本: | 19cm | |
| 丛书名: | 田径教学训练实用丛书 | |
| 单 册: | ||
| 中图分类: | G822.1 | |
| 科图分类: | ||
| 主题词: | 短跑 | |
| 电子资源: | ||
| ISBN: | 7-5009-1338-9 | |
| 000 | 00736nam2 2200241 45 | |
| 001 | 0001101671 | |
| 005 | 20041125154222.3 | |
| 010 | @a7-5009-1338-9@dCNY7.00 | |
| 100 | @a20000110d1997 km y0chiy0120 ea | |
| 101 | @achi | |
| 105 | @a z 000yy | |
| 200 | 1 | @a短跑@ADuan Pao@f王保成,袁运平编著@FWang Bao Cheng,Yuan Yun Ping Bian Zhu |
| 210 | @a北京@c人民体育出版社@d1997.02 | |
| 215 | @a132页@c插图@d19cm | |
| 225 | @a田径教学训练实用丛书@f李鸿江,张贵敏主编 | |
| 410 | @12001 @a田径教学训练实用丛书 | |
| 410 | @1700 0@a张贵敏@AZhang Gui Min@4主编@a李鸿江@ALi Hong Jiang@4主编 | |
| 606 | 0 | @a短跑 |
| 690 | @aG822.1@v1 | |
| 701 | 0 | @a王保成@4编著 |
| 701 | 0 | @a袁运平@4编著 |
| 801 | @aCN@bTSTC@c20000110 | |
| 905 | @dG822.1@e44 | |
| 短跑/王保成,袁运平编著.-北京:人民体育出版社,1997.02 |
| 132页:插图;19cm.-(田径教学训练实用丛书/李鸿江,张贵敏主编) |
| ISBN 7-5009-1338-9:CNY7.00 |
| ● |
| 相关链接 |
|
|
|
|
正题名:短跑
索取号:G822.1/44
 
预约/预借
| 序号 | 登录号 | 条形码 | 馆藏地/架位号 | 状态 | 备注 |
| 1 | 0275518 | 000995855 | 密集书库/ [索取号:G822.1/44] | 在馆 | |
| 2 | 0275519 | 000995908 | 密集书库/ [索取号:G822.1/44] | 在馆 | |
| 3 | 0275520 | 000995864 | 密集书库/ [索取号:G822.1/44] | 在馆 | |
| 4 | 0275521 | 000995917 | 第四借阅区/ [索取号:G822.1/44] | 在馆 | |
| 5 | 0275522 | 000995926 | 第一样本阅览室/ [索取号:G822.1/44] | 在馆 | |
| 6 | 0284730 | 002847307 | 第四借阅区/ [索取号:G822.1/44] | 在馆 | |
| 7 | 0284731 | 002847316 | 密集书库/ [索取号:G822.1/44] | 在馆 | |
| 8 | 0284732 | 002847325 | 第四借阅区/ [索取号:G822.1/44] | 在馆 | |
| 9 | 0284733 | 002847334 | 密集书库/ [索取号:G822.1/44] | 在馆 | |
| 10 | 0284734 | 002847343 | 第四借阅区/ [索取号:G822.1/44] | 在馆 |